-
Roman, Kenneth and Raphaelson, Joel
Entry Personal Name
Number of records used in: 1
001 - CONTROL NUMBER
003 - CONTROL NUMBER IDENTIFIER
005 - DATE AND TIME OF LATEST TRANSACTION
- control field:
20160623162503.0
008 - FIXED-LENGTH DATA ELEMENTS
- fixed length control field:
160623|| aca||aabn | a|a d
040 ## - CATALOGING SOURCE
- Original cataloging agency:
OSt
- Transcribing agency:
OSt
100 ## - HEADING--PERSONAL NAME
- Personal name:
Roman, Kenneth and Raphaelson, Joel
670 ## - SOURCE DATA FOUND
- Source citation:
Work cat.: (OSt): Roman, Kenneth and Raphaelson, Joel, Writing that works, 2004